• AIU
  • Tony Wilmot Memorial Library

A naanmin puli-ta-paalaa. (Record no. 39989)

MARC details
000 -LEADER
fixed length control field 00737nam a22002171a 4500
003 - CONTROL NUMBER IDENTIFIER
control field OSt
005 - DATE AND TIME OF LATEST TRANSACTION
control field 20110718133135.0
008 - FIXED-LENGTH DATA ELEMENTS--GENERAL INFORMATION
fixed length control field 091005s1993 001 0 eng d
020 ## - INTERNATIONAL STANDARD BOOK NUMBER
International Standard Book Number 9966403523 :
Terms of availability 0.00
040 ## - CATALOGING SOURCE
Original cataloging agency NEGST Library - Kenya
Language of cataloging DLC
Transcribing agency DLC
Modifying agency DLC
050 #4 - LIBRARY OF CONGRESS CALL NUMBER
Classification number REF BS 325.B57 1993
100 1# - MAIN ENTRY--PERSONAL NAME
Personal name Alliance Biblique du Burkina Faso.
9 (RLIN) 7995
245 12 - TITLE STATEMENT
Title A naanmin puli-ta-paalaa.
260 ## - PUBLICATION, DISTRIBUTION, ETC. (IMPRINT)
Place of publication, distribution, etc Ouagadougou :
Name of publisher, distributor, etc Alliance Biblique au Bur,
Date of publication, distribution, etc 1993.
300 ## - PHYSICAL DESCRIPTION
Extent iv, 526 p. : ill.
500 ## - GENERAL NOTE
General note "Le Nouveau Testament en langue birifor." - T.p. verso. [Africana]
600 10 - SUBJECT ADDED ENTRY--PERSONAL NAME
Personal name Bible. N.T. Birifor. 1993.
9 (RLIN) 7996
600 10 - SUBJECT ADDED ENTRY--PERSONAL NAME
Personal name Birifor language - Texts.
9 (RLIN) 7997
942 ## - ADDED ENTRY ELEMENTS (KOHA)
Source of classification or shelving scheme Library of Congress Classification
Koha item type Articles
Holdings
Withdrawn status Lost status Source of classification or shelving scheme Damaged status Not for loan Collection code Home library Current library Shelving location Date acquired Source of acquisition Cost, normal purchase price Total Checkouts Full call number Barcode Date last seen Price effective from Koha item type
    Library of Congress Classification     Reference AIU/NEGST - Tony Wilmot Memorial Library AIU/NEGST - Tony Wilmot Memorial Library Reference 10/05/2009 donation 4.00   REF BS 325.B57 1993 R36606A3232 09/26/2019 10/05/2009 Africana collection ( Reference)